|
|
|
|
| LEADER |
00000nam0a2200000 4500 |
| 001 |
24638 |
| 005 |
20231101205624.0 |
| 010 |
|
|
|a 5264003637
|
| 035 |
|
|
|a (RuTPU)RU\TPU\book\24867
|
| 035 |
|
|
|a BOOK00000042
|
| 090 |
|
|
|a 24638
|
| 100 |
|
|
|a 20011209d2000 m y0rusy50 ca
|
| 101 |
0 |
|
|a rus
|
| 102 |
|
|
|a RU
|
| 105 |
|
|
|a y z 000ay
|
| 200 |
1 |
|
|a Желтая стрела
|f В. О. Пелевин
|
| 210 |
|
|
|a Москва
|c Вагриус
|d 2000
|
| 215 |
|
|
|a 495 с.
|
| 333 |
|
|
|a Исключено из фонда НТБ ТПУ
|
| 700 |
|
1 |
|a Пелевин
|b В. О.
|c русский писатель
|c прозаик
|f 1962-
|g Виктор Олегович
|2 stltpush
|3 (RuTPU)RU\TPU\pers\4802
|9 1045
|
| 801 |
|
0 |
|a RU
|b 63413507
|c 20011209
|g PSBO
|
| 801 |
|
2 |
|a RU
|b 63413507
|c 20171011
|g PSBO
|
| 942 |
|
|
|c BK
|